000 00748nam a2200205 a 4500
001 000795036
003 AM-YeHGA
005 20250617161336.0
008 110312s1944 r 000 0 rus d
040 _aAM-YeHGA
041 0 _arus
245 0 0 _aЕгипет :
_bАрхитектура, скульптура, живопись /
_cТекст и табл. В.Н. Владимирова, Под ред. М.Я. Гинзбурга ; АА СССР.
260 _aМосква :
_bИзд-во АА СССР,
_c1944.
300 _a17 с. + ил.
650 1 4 _aАрхитектура
700 1 _aВладимиров, В.Н.
700 1 _aГинзбург, М.Я.
710 2 _aАкадемия архитектуры СССР
090 _c473021
999 _c469777
_d469777